[Event "Voronezh op 3rd"]
[Site "Voronezh"]
[Date "1999.06.16"]
[Round "5"]
[White "Okrugin, S."]
[Black "Zakharstov, Viacheslav V"]
[Result "0-1"]
[WhiteElo "2355"]
[BlackElo "2429"]

1.e4 c5 2.Nf3 d6 3.d4 cxd4 4.Nxd4 Nf6 5.Nc3 a6 6.Be3 e6 7.f3 b5 8.Qd2 Nbd7
9.g4 Nb6 10.O-O-O Bb7 11.Qf2 Nfd7 12.Kb1 Rc8 13.h4 Rxc3 14.bxc3 d5 15.Bd3 Qc7
16.Nb3 Na4 17.Bd2 Bd6 18.exd5 Bxd5 19.Be4 Ndb6 20.Rde1 O-O 21.f4 Bxe4 22.Rxe4 Nd5
23.Ree1 Ndxc3+ 24.Bxc3 Nxc3+ 25.Ka1 Rc8 26.Rh3 Bxf4 27.Qd4 Nd5 28.Re2 Bd6
29.Rf3 Bb4 30.g5 Bc3+ 31.Rxc3 Qxc3+ 32.Qxc3 Rxc3 33.Kb2 g6 34.Rd2 Rc4 35.Rd4 Rxd4
36.Nxd4 h6 37.Kb3 hxg5 38.hxg5 Kf8 39.a4 bxa4+ 40.Kxa4 Ke7 41.Ka5 e5 42.Nb3 Kd6
43.c4 Ne3 44.c5+ Kc6 45.Kxa6 Nc4 46.Ka7 e4 47.Kb8 e3 48.Kc8 Nd2 49.Nc1 Ne4
50.Kd8 Nxg5 51.Ke7 f5 52.Ne2 Nh3 53.Kf6 Kxc5  0-1

[Event "Quebec-ch "]
[Site "Montreal"]
[Date "1999.06.22"]
[Round "1.1"]
[White "Khassanov, M."]
[Black "Strassmann, Swantje"]
[Result "1-0"]
[WhiteElo "2345"]
[BlackElo "2115"]

1.e4 c5 2.Nf3 d6 3.d4 cxd4 4.Nxd4 Nf6 5.Nc3 a6 6.Be3 e6 7.Qd2 Be7 8.f3 b5
9.a3 Bb7 10.g4 Nc6 11.g5 Nd7 12.h4 Nde5 13.Qg2 Na5 14.f4 Nec4 15.Bc1 Qb6
16.Qf2 d5 17.b4 dxe4 18.bxa5 Qxa5 19.Rh3 e3 20.Rxe3 Nxe3 21.Qxe3 b4 22.axb4 Qxa1
23.Nb3 Qxc1+ 24.Nxc1 Bxb4 25.Na2 Bxc3+ 26.Nxc3 O-O 27.Bd3 Rfb8 28.h5 Kh8
29.Ne4 Bc6 30.Nd6 Be8 31.h6 Rd8 32.Qe5 f6 33.gxf6 Ra7 34.f7  1-0

[Event "White Nights"]
[Site "St Petersburg"]
[Date "1999.06.26"]
[Round "1"]
[White "Solovjov, Sergey"]
[Black "Loginov, Valery A"]
[Result "1/2-1/2"]
[WhiteElo "2447"]
[BlackElo "2532"]

1.e4 c5 2.Nf3 d6 3.d4 cxd4 4.Nxd4 Nf6 5.Nc3 a6 6.Be3 e5 7.Nb3 Be7 8.f3 Be6
9.Qd2 O-O 10.O-O-O a5 11.Bb5 Nc6 12.Kb1 Ne8 13.Nd5 Bxd5 14.exd5 Nb8 15.a4 Nc7
16.Bb6 Qc8 17.Qd3 Nd7 18.Bxc7 Qxc7 19.g4 Rfc8 20.h4 Nc5 21.Nxc5 Qxc5 22.g5 Rc7
23.Qe4 g6 24.Rh2 Bf8 25.h5 Bg7 26.Rdh1 Qd4 27.Qxd4 exd4 28.f4 Re7 29.Rf2 Rc8
30.Bd3 Rce8 31.Ka2 Re1 32.Rxe1 Rxe1 33.Kb3 gxh5 34.Kc4 h6 35.Kb5 hxg5 36.fxg5 Be5
37.Kxa5 h4 38.Kb6 Bg3 39.Re2 Ra1 40.b3 h3 41.Kxb7 h2 42.Be4 d3 43.cxd3 Rb1
44.Ra2 Rxb3+ 45.Kc6 Rb4 46.Bg2 Be5 47.a5 Rg4 48.Bf3 Rf4 49.a6 Rxf3 50.Rxh2 Bxh2
51.a7 Rxd3  1/2-1/2

[Event "Ljubljana op 10th"]
[Site "Ljubljana"]
[Date "1999.07.03"]
[Round "9"]
[White "Zufic, Miroslav"]
[Black "Tratar, Marko"]
[Result "0-1"]
[WhiteElo "2136"]
[BlackElo "2450"]

1.e4 c5 2.Nf3 d6 3.d4 cxd4 4.Nxd4 Nf6 5.Nc3 a6 6.Be3 e6 7.f3 b5 8.g4 h6 9.Qd2 Bb7
10.O-O-O Nbd7 11.h4 b4 12.Nb1 d5 13.Bh3 g5 14.hxg5 hxg5 15.exd5 Nxd5 16.Bxg5 Qb6
17.Rde1 Rc8 18.Bg2 Rxh1 19.Bxh1 Qa5 20.f4 Qxa2 21.Nxe6 fxe6 22.Rxe6+ Kf7
23.Qd3 Kxe6 24.Qg6+ N7f6 25.Bxf6 Nxf6 26.Bxb7 Rd8 27.g5 Be7 28.f5+ Ke5 29.Qg7 Re8
30.Bc6 Qg8 31.gxf6 Qxg7 32.fxg7 Rg8 33.c3 Rxg7 34.cxb4 Bg5+ 35.Kd1 Rc7  0-1

[Event "SVK-ch"]
[Site "Nove Zamky"]
[Date "1999.07.03"]
[Round "1"]
[White "Kukel, Imre"]
[Black "Vojtek, Vladimir"]
[Result "0-1"]
[WhiteElo "2074"]
[BlackElo "2386"]

1.e4 c5 2.Nf3 d6 3.d4 cxd4 4.Nxd4 Nf6 5.Nc3 a6 6.Be3 Ng4 7.Bg5 h6 8.Bh4 g5
9.Bg3 Bg7 10.Qd2 Nc6 11.Nb3 a5 12.Bb5 Ne5 13.f3 Be6 14.Nd5 a4 15.Nd4 O-O
16.Bf2 Bxd5 17.exd5 Nxd4 18.Bxd4 Qa5 19.Qxa5 Rxa5 20.Bxe5 Bxe5 21.c4 a3 22.O-O-O axb2+
23.Kb1 Ra3 24.Rhe1 Rfa8 25.c5 Rxa2 26.c6 bxc6 27.dxc6 Ra1+ 28.Kc2 Kg7 29.Kd3 R8a3+
30.Ke2 Rxd1 31.Rxd1 Rc3 32.Kd2 Rc1  0-1

[Event "Swidnica op"]
[Site "Swidnica"]
[Date "1999.07.03"]
[Round "6"]
[White "Grabarska, Barbara"]
[Black "Buturin, Vladimir"]
[Result "0-1"]
[WhiteElo "2209"]
[BlackElo "2394"]

1.e4 c5 2.Nf3 d6 3.d4 cxd4 4.Nxd4 Nf6 5.Nc3 a6 6.Be3 e6 7.f3 b5 8.Qd2 Nbd7
9.O-O-O Bb7 10.a3 Rc8 11.g4 h6 12.h4 Ne5 13.Be2 g6 14.g5 hxg5 15.hxg5 Rxh1
16.Rxh1 Nh5 17.f4 Nc4 18.Bxc4 Rxc4 19.b3 Rc8 20.f5 Qc7 21.Kb2 Bg7 22.f6 Bf8
23.Nde2 Ba8 24.Rd1 Bc6 25.Bg1 Qb7 26.Qd4 a5 27.b4 axb4 28.axb4 Bd7 29.Qb6 Qxb6
30.Bxb6 Rc4 31.Rd4 Rc6 32.Ba5 Rc8 33.Rd3 Rc4 34.Nd4 d5 35.exd5 Nf4 36.Ndxb5 Bxb5
37.Nxb5 Nxd3+ 38.cxd3 Rg4 39.Nc7+ Kd7 40.dxe6+ fxe6 41.Kc3 Rxg5 42.Kc4 Rf5
43.Na6 Rxf6 44.Nc5+ Bxc5  0-1

[Event "Swidnica op"]
[Site "Swidnica"]
[Date "1999.07.03"]
[Round "6"]
[White "Pinski, Jan"]
[Black "Berezin, Oleg"]
[Result "0-1"]
[WhiteElo "2346"]
[BlackElo "2451"]

1.e4 c5 2.Nf3 d6 3.d4 cxd4 4.Nxd4 Nf6 5.Nc3 a6 6.Be3 e5 7.Nb3 Be7 8.f3 Be6
9.Qd2 O-O 10.O-O-O b5 11.g4 b4 12.Nd5 Bxd5 13.exd5 a5 14.Kb1 Qc7 15.g5 Nfd7
16.Rg1 Nb6 17.Rg4 N8d7 18.Qd3 f5 19.gxf6 Nxf6 20.Bxb6 Qxb6 21.Rc4 Nh5 22.Nd2 Nf4
23.Qe4 Rf6 24.Rc6 Qg1 25.Nc4 Ng6 26.Qe2 Nf4 27.Qe4 Bf8 28.Ne3 Qg5 29.Ng4 Rf7
30.c4 bxc3 31.Rxc3 Ng6 32.Qe2 Rf4 33.Nf2 Rb4 34.Rc4 Nf4 35.Qc2 Qh5 36.Rxb4 axb4
37.Nd3 Qxf3 38.Nxb4 g6 39.Bd3 Rb8 40.Be4 Qe3 41.a3 Rb5 42.Bh1 Rc5 43.Qd2 Qb3
44.Be4 Bh6 45.Re1 Kg7 46.Qf2 Bg5 47.Bc2 Rxc2 48.Nxc2 Nd3  0-1

[Event "SVK-ch"]
[Site "Nove Zamky"]
[Date "1999.07.11"]
[Round "9"]
[White "Kukel, Imre"]
[Black "Rachela, Milan"]
[Result "1/2-1/2"]
[WhiteElo "2074"]
[BlackElo "2174"]

1.e4 c5 2.Nf3 d6 3.d4 cxd4 4.Nxd4 Nf6 5.Nc3 a6 6.Be3 Ng4 7.Bg5 h6 8.Bh4 g5
9.Bg3 Bg7 10.Qd2 Nc6 11.Nb3 f5 12.exf5 Bxf5 13.Bd3 Qd7 14.O-O O-O 15.Nd5 Bxd3
16.Qxd3 Qf5 17.Qc4 Kh8 18.Rae1 Nge5 19.Qe4 Rac8 20.c3 e6 21.Nb4 Nxb4 22.Bxe5 Bxe5
23.Qxb4 b5 24.Nd2 Qd3 25.Nf3 Rxf3 26.gxf3 Rc4 27.Re3 Qf5 28.Qa5 Rh4 29.Qd8+ Kh7
30.Qe7+  1/2-1/2

[Event "Komercni Banka op"]
[Site "Pardubice"]
[Date "1999.07.17"]
[Round "2"]
[White "Seleljo, Daniel"]
[Black "Shtyrenkov, Veniamen"]
[Result "0-1"]
[WhiteElo "2355"]
[BlackElo "2503"]

1.e4 c5 2.Nf3 d6 3.d4 cxd4 4.Nxd4 Nf6 5.Nc3 a6 6.Be3 Ng4 7.Bg5 h6 8.Bh4 g5
9.Bg3 Bg7 10.h3 Ne5 11.Nf5 Bxf5 12.exf5 Nbc6 13.Be2 Nd4 14.Bxe5 Bxe5 15.Bd3 Qa5
16.Kf1 O-O-O 17.Rb1 Nc6 18.h4 Rhg8 19.hxg5 hxg5 20.Kg1 Bxc3 21.bxc3 Qxc3
22.Qf3 Qc5 23.g4 Rd7 24.Rh7 Ne5 25.Qe4 Rc7 26.Rxf7 Nxf7 27.Qe6+ Kb8 28.Qxf7 Rd8
29.Qh5 Qe5 30.Qxg5 Rh8 31.Rb3 Qe1+ 32.Kg2 Qh1+  0-1

[Event "ISR-ch U18"]
[Site "Israel"]
[Date "1999.07.18"]
[Round "7"]
[White "Bitansky, Igor"]
[Black "Kundin, Alexander"]
[Result "1/2-1/2"]
[WhiteElo "2314"]
[BlackElo "2403"]

1.e4 c5 2.Nc3 a6 3.Nf3 d6 4.d4 cxd4 5.Nxd4 Nf6 6.Be3 Ng4 7.Bg5 h6 8.Bc1 Nc6
9.Be2 Nf6 10.Be3 e5 11.Nb3 Be7 12.Qd2 O-O 13.O-O-O a5 14.a4 Be6 15.f4 Qc8
16.Kb1 Nb4 17.Rhf1 exf4 18.Bxf4 Bxb3 19.cxb3 Qe6 20.Bc4 Nxe4 21.Qe2 Nxc3+
22.bxc3 d5 23.Qxe6 fxe6 24.Be2 Nc6 25.Bg4 Rf6 26.Bg3 Kf7 27.Bh4 Rxf1 28.Rxf1+ Bf6
29.Bg3 Rd8 30.Bc7 Rc8 31.Bb6 Re8 32.Be2 Ke7 33.Rc1 Kd6 34.Bb5 Bd8 35.Bf2 Rf8
36.Bg3+ Kd7 37.Rd1 Bc7 38.Be1 Bxh2 39.c4 Kd6 40.cxd5 exd5 41.Bxc6 bxc6 42.Bxa5 Rf2
43.Rd2 Rf1+ 44.Kc2 c5 45.b4 c4 46.Bb6 Bf4 47.Bc5+ Kc6 48.Re2 Bd6 49.Re6 Rf6
50.Rxf6 gxf6 51.Bxd6 Kxd6 52.g4 d4 53.a5 Kc6 54.a6 Kb6 55.b5  1/2-1/2

[Event "S&W Young Masters 9th"]
[Site "Witley"]
[Date "1999.07.18"]
[Round "3"]
[White "Moskovic, David M"]
[Black "Bekker Jensen, David"]
[Result "0-1"]
[WhiteElo "2260"]
[BlackElo "2264"]

1.e4 c5 2.Nf3 d6 3.d4 cxd4 4.Nxd4 Nf6 5.Nc3 a6 6.Be3 e5 7.Nf3 Be7 8.Bc4 O-O
9.Qe2 Nc6 10.O-O-O b5 11.Bb3 Bb7 12.Kb1 Na5 13.Bg5 Nxb3 14.axb3 Rc8 15.Bxf6 Bxf6
16.Qd3 Be7 17.Nd2 Qb6 18.Nf1 b4 19.Nd5 Bxd5 20.exd5 Qxf2 21.Ne3 Bg5 22.Nf5 Qc5
23.h4 Bf6 24.g4 g6 25.Nh6+ Kg7 26.Rdf1 e4 27.Qxe4 Qd4 28.Qxd4 Bxd4 29.g5 f5
30.Rf4 Bc5 31.Rf3 Rce8 32.h5 Re3 33.Rf4 Rfe8 34.Ka2 Re1 35.Rh2 Rd1 36.hxg6 hxg6
37.Rfh4 Ree1 38.Nxf5+ gxf5 39.Rh7+ Kg6 40.R2h6+ Kxg5 41.Rh5+ Kf4 42.Rh4+ Ke5
43.Re7+ Kxd5 44.c4+ bxc3 45.Rh3 Ra1+  0-1

[Event "Biel MTO"]
[Site "Biel"]
[Date "1999.07.20"]
[Round "10"]
[White "Pikula, Dejan"]
[Black "Bozinovic, Bogdan"]
[Result "1-0"]
[WhiteElo "2480"]
[BlackElo "2288"]

1.e4 c5 2.Nf3 d6 3.d4 Nf6 4.Nc3 cxd4 5.Nxd4 a6 6.Be3 Ng4 7.Bg5 h6 8.Bh4 g5
9.Bg3 Bg7 10.Be2 h5 11.Bxg4 Bxg4 12.f3 Bd7 13.Bf2 Nc6 14.Qd2 Ne5 15.b3 Rc8
16.Nde2 e6 17.Bd4 b5 18.O-O b4 19.Nd1 Bb5 20.Rf2 Bxe2 21.Qxe2 Rxc2 22.Qxc2 Nxf3+
23.gxf3 Bxd4 24.Rc1 Bxf2+ 25.Nxf2 O-O 26.Qc7 Qf6 27.Qxd6 Qxf3 28.Rc5 Qe3  1-0

[Event "Dutch Open"]
[Site "Dieren"]
[Date "1999.07.21"]
[Round "2"]
[White "Berkvens, Joost"]
[Black "Azadmanesh, Moosa"]
[Result "1-0"]
[WhiteElo "2268"]
[BlackElo "2147"]

1.e4 c5 2.Nf3 d6 3.d4 cxd4 4.Nxd4 Nf6 5.Nc3 a6 6.Be3 Ng4 7.Bg5 h6 8.Bh4 g5
9.Bg3 Bg7 10.Qd2 Nc6 11.Nb3 b5 12.a4 b4 13.Nd1 Be6 14.f3 Nge5 15.Ne3 Nd7
16.O-O-O Nb6 17.Kb1 Nxa4 18.Nc4 O-O 19.h4 Bxc4 20.Bxc4 Nxb2 21.Bd5 Na5 22.hxg5 Nxb3
23.Bxb3 Nxd1 24.Qxd1 Qa5 25.e5 dxe5 26.gxh6 Bf6 27.Rh5 Rad8 28.Qe1 Qc5 29.f4 Qc3
30.Qxc3 bxc3 31.fxe5 Rd1+ 32.Ka2 Bh8 33.Bh4 Rb8 34.Bxe7 Rb5 35.h7+ Kg7 36.Ba3 Kg6
37.Rh3 Rxe5 38.Rxc3 Rb5 39.Rg3+ Kxh7 40.c3 Be5 41.Rh3+  1-0

[Event "Dutch Open"]
[Site "Dieren"]
[Date "1999.07.27"]
[Round "8"]
[White "Meijers, Viesturs"]
[Black "Van Wely, Loek"]
[Result "0-1"]
[WhiteElo "2472"]
[BlackElo "2629"]

1.e4 c5 2.Nf3 d6 3.d4 cxd4 4.Nxd4 Nf6 5.Nc3 a6 6.Be3 e6 7.Qf3 Nbd7 8.O-O-O Qc7
9.Qh3 b5 10.a3 Nc5 11.f3 Rb8 12.g4 Nfd7 13.g5 g6 14.Qg3 b4 15.axb4 Rxb4 16.h4 Bg7
17.h5 O-O 18.hxg6 hxg6 19.Qh4 Re8 20.f4 Qa5 21.f5 exf5 22.exf5 Qa1+ 23.Kd2 Rxd4+
24.Bxd4 Nb3+ 25.Kd3 Ndc5+ 26.Bxc5 Bxf5+ 27.Kc4 Be6+ 28.Rd5 Nxc5 29.Qh7+ Kf8
30.Qh2 Rc8 31.Qxd6+  0-1

[Event "Dutch Open"]
[Site "Dieren"]
[Date "1999.07.27"]
[Round "8"]
[White "Van Delft, Merijn"]
[Black "Bosch, Jeroen"]
[Result "1-0"]
[WhiteElo "2323"]
[BlackElo "2433"]

1.e4 c5 2.Nf3 d6 3.d4 cxd4 4.Nxd4 Nf6 5.Nc3 a6 6.Be3 Ng4 7.Bc1 Nf6 8.Be3 Ng4
9.Bg5 h6 10.Bh4 g5 11.Bg3 Bg7 12.h3 Ne5 13.Nf5 Bxf5 14.exf5 Nbc6 15.Nd5 e6
16.fxe6 fxe6 17.Ne3 Qe7 18.Be2 d5 19.O-O O-O 20.Re1 Rad8 21.Bf1 Qf7 22.a4 Ng6
23.c3 Nf4 24.Qc2 d4 25.Nc4 d3 26.Qd2 e5 27.Re4 Qg6 28.Qe3 b5 29.axb5 axb5
30.Nd2 b4 31.Re1 bxc3 32.bxc3 Ne7 33.Bxf4 gxf4 34.Qf3 Nf5 35.Rb4 Nh4 36.Qe4 Rf7
37.Qxg6 Nxg6 38.Ne4 Rfd7 39.Rd1 d2 40.Rb2 Ne7 41.Rbxd2 Rxd2 42.Rxd2 Rxd2
43.Nxd2 Kf8 44.Bd3 Ke8 45.Kf1 Kd7 46.Ke2 Nd5 47.Ne4 Nf6 48.Kf3 Nxe4 49.Kxe4 Kd6
50.Kf5 Kd5 51.Kg6 Bf8 52.f3 Kd6 53.Be4 Ke6 54.c4 Kd7 55.Bf5+ Kc7 56.Bg4 Kc6
57.Kf7 Bb4 58.Kg7 Kc5 59.Kxh6 Kxc4 60.h4 Kd5 61.Kg6 Bc3 62.h5 Kd6 63.Kf7 e4
64.fxe4  1-0

[Event "Dutch Open"]
[Site "Dieren"]
[Date "1999.07.28"]
[Round "9"]
[White "Van den Doel, Erik"]
[Black "Van Wely, Loek"]
[Result "1-0"]
[WhiteElo "2528"]
[BlackElo "2629"]

1.e4 c5 2.Nf3 d6 3.d4 cxd4 4.Nxd4 Nf6 5.Nc3 a6 6.Be3 e6 7.g4 e5 8.Nf5 g6
9.g5 gxf5 10.exf5 d5 11.gxf6 d4 12.Bc4 Qc7 13.Qd3 dxe3 14.f4 Bb4 15.O-O-O Bxc3
16.bxc3 Nc6 17.Rhg1 e2 18.Qxe2 Bxf5 19.Qh5 Be4 20.fxe5 Na5 21.Be6 Rf8 22.Bd7+ Qxd7
23.Rxd7 Kxd7 24.Qg4+  1-0

[Event "Lost Boys op"]
[Site "Antwerp"]
[Date "1999.07.30"]
[Round "1"]
[White "Van den Doel, Erik"]
[Black "Bekker Jensen, David"]
[Result "1-0"]
[WhiteElo "2528"]
[BlackElo "2264"]

1.e4 c5 2.Nf3 d6 3.d4 Nf6 4.Nc3 cxd4 5.Nxd4 a6 6.Be3 e5 7.Nb3 Be6 8.Qd2 Nbd7
9.f3 h5 10.a4 Rc8 11.Be2 Be7 12.O-O h4 13.a5 Kf8 14.Nc1 g6 15.Nd3 d5 16.exd5 Bxd5
17.f4 h3 18.g3 Rxc3 19.Qxc3 Ne4 20.Qe1 Nxg3 21.Qxg3 Bh4 22.Qxh3 Bf2+ 23.Nxf2 Rxh3
24.Nxh3 Qh4 25.Ng5 Nf6 26.Bf2 Qh6 27.h4 exf4 28.Bc5+ Kg8 29.Rxf4 Nh7 30.Rg4 f5
31.Rd1 Nxg5 32.Rxg5 Qxh4 33.Rxg6+ Kf7 34.Rxd5 Qe1+ 35.Bf1 Kxg6 36.Bf2 Qe4
37.Rd3 Qb4 38.Rb3 Qxa5 39.Rxb7 f4 40.Bd3+ Kh6 41.Rb6+ Kg7 42.Rxa6 Qg5+ 43.Kf1  1-0

[Event "Hotel Agro IM A"]
[Site "Budapest"]
[Date "1999.07.31"]
[Round "2"]
[White "Balogh, Csaba"]
[Black "Szeberenyi, Adam"]
[Result "1-0"]
[WhiteElo "2235"]
[BlackElo "2357"]

1.e4 c5 2.Nf3 d6 3.d4 cxd4 4.Nxd4 Nf6 5.Nc3 a6 6.Be3 e5 7.Nb3 Be6 8.f3 Nbd7
9.g4 h6 10.Qd2 Qc7 11.O-O-O b5 12.h4 Nb6 13.Qf2 Rb8 14.Rg1 Nc4 15.Nd5 Bxd5
16.exd5 Qb7 17.f4 Be7 18.fxe5 Nxe5 19.Bf4 Nfxg4 20.Qe2 g5 21.Rxg4 gxf4 22.Rxf4 Rc8
23.Bh3 Rc7 24.Nd4 Rc4 25.b3 Rc3 26.Bg2 Rg8 27.Nc6 Qc7 28.Kb2 Rcg3 29.Bh1 Bf8
30.Rdf1 Bg7 31.Kb1 Bh8 32.Qh5 Rg1 33.Be4 Qd7 34.Bf5 Qc7 35.Be6 Rxf1+ 36.Rxf1 Rf8
37.Rf2 Nxc6 38.dxc6 Qxc6 39.Rxf7 Qc5 40.Rxf8+  1-0

[Event "Scandic Hotels CC"]
[Site "Stockholm"]
[Date "1999.08.01"]
[Round "2"]
[White "Wedberg, Tom"]
[Black "Anka, Emil"]
[Result "1/2-1/2"]
[WhiteElo "2487"]
[BlackElo "2487"]

1.e4 c5 2.Nc3 d6 3.Nge2 Nf6 4.d4 cxd4 5.Nxd4 a6 6.Be3 e5 7.Nb3 Be6 8.f3 Nbd7
9.Qd2 b5 10.a4 b4 11.Nd5 Bxd5 12.exd5 Nb6 13.Bxb6 Qxb6 14.a5 Qb7 15.Bc4 Be7
16.Ra4 Rb8 17.Qd3 Ra8 18.Qd2 Rb8 19.Qd3 Ra8  1/2-1/2

[Event "MK Cafe Cup-A"]
[Site "Koszalin"]
[Date "1999.08.03"]
[Round "1"]
[White "Lanka, Zigurds"]
[Black "Stohl, Igor"]
[Result "1-0"]
[WhiteElo "2504"]
[BlackElo "2600"]

1.e4 c5 2.Nf3 d6 3.d4 Nf6 4.Nc3 cxd4 5.Nxd4 a6 6.Be3 e6 7.Be2 Qc7 8.O-O b5
9.a4 b4 10.Na2 Nxe4 11.c3 b3 12.Nb4 d5 13.f3 Nf6 14.f4 Bd6 15.Nd3 O-O 16.Qxb3 Nbd7
17.Rac1 Nc5 18.Nxc5 Bxc5 19.Qd1 Bb7 20.b4 Ba7 21.Bd3 Qd6 22.Kh1 Rfc8 23.Qe2 Rc7
24.a5 Rcc8 25.Rfd1 Bxd4 26.Bxd4 Qxf4 27.Rf1 Qg5 28.Qf2 Rc7 29.Be3 Qh5 30.Qg3 Ne8
31.Bd4 Re7 32.Rce1 f6 33.Bc5 Rd7 34.Rxe6 Rad8 35.Bb6 Ra8 36.Bf5 Kh8 37.Rxe8+ Qxe8
38.Qh3  1-0

[Event "Scandic Hotels CC"]
[Site "Stockholm"]
[Date "1999.08.03"]
[Round "4"]
[White "Wedberg, Tom"]
[Black "Agrest, Evgenij"]
[Result "1/2-1/2"]
[WhiteElo "2487"]
[BlackElo "2554"]

1.e4 c5 2.Nf3 d6 3.d4 cxd4 4.Nxd4 Nf6 5.Nc3 a6 6.Be3 e6 7.a4 b6 8.g3 Bb7
9.Bg2 Nbd7 10.O-O Qc7 11.Qe2 Be7 12.f4 O-O 13.g4 Nc5 14.Bf2 d5 15.e5 Nfe4
16.Nxe4 Nxe4 17.Be3 Rfe8 18.c3 Bc5 19.g5 Qd7 20.Rfd1 Red8 21.Nb3 Bxe3+ 22.Qxe3 Qc7
23.a5 bxa5 24.Nxa5 g6 25.Rd4 Rab8 26.Nxb7 Qxb7 27.b4 Rdc8 28.Bxe4 dxe4 29.Ra3 Rd8
30.Ra1  1/2-1/2

[Event "Hotel Agro IM B"]
[Site "Budapest"]
[Date "1999.08.04"]
[Round "6"]
[White "Nagy, Ervin"]
[Black "Tatai, Stefano"]
[Result "0-1"]
[WhiteElo "2363"]
[BlackElo "2357"]

1.e4 c5 2.Nf3 d6 3.d4 cxd4 4.Nxd4 Nf6 5.Nc3 a6 6.Be3 e5 7.Nb3 Be6 8.Qd2 Be7
9.f3 Nbd7 10.Nd5 Nxd5 11.exd5 Bf5 12.c4 O-O 13.Be2 h6 14.O-O Bg5 15.Bxg5 hxg5
16.g4 Bg6 17.Bd3 Bxd3 18.Qxd3 g6 19.Kg2 Kg7 20.Nd2 f5 21.h3 Rh8 22.Rh1 Qf6
23.b4 b6 24.Qe3 a5 25.a3 axb4 26.axb4 e4 27.fxe4 f4 28.e5 Nxe5 29.Qc3 Nxg4
30.Qxf6+ Nxf6 31.Nf3 g4 32.hxg4 Nxg4 33.Rxh8 Rxa1 34.Rh4 Ne3+ 35.Kf2 Ra2+
36.Kg1 g5  0-1

[Event "MK Cafe Cup-B"]
[Site "Koszalin"]
[Date "1999.08.04"]
[Round "2"]
[White "Brustman, Agnieszka"]
[Black "Uryga, Jacek"]
[Result "1-0"]
[WhiteElo "2383"]
[BlackElo "2092"]

1.e4 c5 2.Nf3 d6 3.d4 cxd4 4.Nxd4 Nf6 5.Nc3 a6 6.Be3 e6 7.Be2 Be7 8.f4 Qc7
9.O-O O-O 10.a4 Nc6 11.Kh1 Re8 12.Nb3 b6 13.Bf3 Rb8 14.Qe2 Bb7 15.Rae1 Nd7
16.Qf2 Bf6 17.Qd2 Rbd8 18.Rd1 Nc5 19.Ra1 Rd7 20.Rfe1 Rc8 21.Nd4 Ba8 22.Rad1 Rcd8
23.Qf2 Re8 24.Nde2 Nb4 25.Nd4 Nc6 26.Nde2 Nb4 27.Rd2 Bc6 28.Red1 Red8 29.Nd4 Bxa4
30.Nxa4 Nxa4 31.c3 Bxd4 32.Rxd4 Nxc3 33.bxc3 Nc6 34.R4d2 Rb8 35.e5 d5 36.Rb1 b5
37.Bc5 Ra8 38.h3 Qb7 39.Rdb2 Na5 40.Bd4 Qc6 41.Be2 Nc4 42.Ra2 Rb7 43.f5 exf5
44.Qxf5 Qe6 45.Qxe6 fxe6 46.Bg4  1-0

[Event "Hotel Agro IM A"]
[Site "Budapest"]
[Date "1999.08.05"]
[Round "7"]
[White "Feher, Gyula"]
[Black "Krutti, Valer"]
[Result "1/2-1/2"]
[WhiteElo "2394"]
[BlackElo "2357"]

1.e4 c5 2.Nf3 d6 3.d4 cxd4 4.Nxd4 Nf6 5.Nc3 a6 6.Be3 e5 7.Nb3 Be6 8.f3 h5
9.Qd2 Nbd7 10.Be2 Rc8 11.O-O Be7 12.Rfd1 O-O 13.a4 Qc7 14.a5 Rfd8 15.Qe1 g6
16.Rd2 Nc5 17.Nxc5 dxc5 18.Rxd8+ Bxd8 19.b3 c4 20.b4 Be7 21.Na4 Nd7 22.c3 Qd8
23.Qd2 Rc6 24.Rd1 Qc7 25.Qe1 Kg7 26.Qf2 Qc8 27.h3 h4 28.f4 exf4 29.Qxf4 Qc7
30.Qh6+ Kg8 31.Bd4 Ne5 32.Rf1 g5 33.Rf6 Bxf6 34.Qxf6 Bg4 35.Qxg5+ Rg6 36.Bxe5 Rxg5
37.Bxc7 Bxe2 38.Kf2 Bd3 39.Nc5 f5 40.Bd8 Rh5 41.exf5 Rxf5+ 42.Ke3 Bf1 43.Nxb7 Bxg2
44.Nc5 Rxc5 45.bxc5 Kf7 46.c6 Bxc6  1/2-1/2

[Event "MK Cafe Cup-A"]
[Site "Koszalin"]
[Date "1999.08.07"]
[Round "5"]
[White "Lanka, Zigurds"]
[Black "Novikov, Igor A"]
[Result "0-1"]
[WhiteElo "2504"]
[BlackElo "2614"]

1.e4 c5 2.Nf3 d6 3.d4 cxd4 4.Nxd4 Nf6 5.Nc3 a6 6.Be3 e6 7.Be2 Qc7 8.Qd2 b5
9.f3 Nbd7 10.a3 Be7 11.g4 Nb6 12.g5 Nfd7 13.O-O O-O 14.f4 Re8 15.Bd3 Bf8
16.Qf2 Nc4 17.Bc1 Bb7 18.b3 Nxa3 19.Bxa3 Qxc3 20.Ne2 Qc6 21.Bb2 Nc5 22.Ng3 Rac8
23.Rad1 d5 24.exd5 exd5 25.Bf5 Ne4 26.Qg2 Qb6+ 27.Rd4 Rc3 28.Nxe4 Qxd4+ 29.Nf2 b4
30.Bxc3 bxc3 31.Qg4 Bc5 32.Qh4 g6 33.Bd3 Qe3 34.f5 Qf3 35.Qg3 Qxg3+ 36.hxg3 Be3
37.Kh2 Bxg5 38.Nh3 Bd2 39.Ra1 d4 40.Nf2 Kg7 41.Ra4 Be3 42.Ng4 gxf5 43.Bxf5 h5
44.Nxe3 dxe3 45.Ra1 Be4 46.Bxe4 Rxe4 47.Kg2 e2 48.Re1 Kg6  0-1

[Event "MK Cafe Cup-B"]
[Site "Koszalin"]
[Date "1999.08.07"]
[Round "5"]
[White "Kozlowski, Waldemar"]
[Black "Vaulin, Alexander"]
[Result "1/2-1/2"]
[WhiteElo "2352"]
[BlackElo "2492"]

1.e4 c5 2.Nf3 d6 3.d4 cxd4 4.Nxd4 Nf6 5.Nc3 a6 6.Be3 e5 7.Nb3 Be7 8.f3 Be6
9.Qd2 O-O 10.O-O-O b5 11.g4 b4 12.Nd5 Bxd5 13.exd5 a5 14.Kb1 Qc7 15.g5 Nfd7
16.h4 Nb6 17.Qd3 a4 18.Nc1 N8d7 19.Qe4 a3 20.Bd3 f5 21.gxf6 Nxf6 22.Bxb6 Qxb6
23.Qf5 Qd4 24.c3 bxc3 25.Bc2 Qa7 26.b3 Qd7 27.Qd3 Ra5 28.Qe2 Kh8 29.Be4 Rc5
30.Kc2 Rcc8 31.Nd3 Bd8 32.h5 Bb6 33.Rh2 Qb5 34.Nc1 Qe8 35.Qd3 Nxe4 36.fxe4 Rf6
37.Rf1 Rf4 38.Rxf4 exf4 39.Qf3 Be3 40.Nd3 Qf7 41.Re2 Kg8 42.Nb4 Bd4 43.Nc6 Be5
44.Rg2 Re8 45.Rg1 Kh8 46.Rg2 Qb7 47.Rg4 Qb6 48.Rg2 Rf8 49.Qg4 Qb7 50.Qf3 Qf7
51.Rg5 Re8 52.Rg2 Bf6 53.Rg1 Be5 54.Rg2 Rg8 55.Rg1 Qf6 56.Rg4 Re8 57.Rg1 Bd4
58.Rg2 Be3 59.Rg4 Kg8 60.Rg2 Qh4 61.Re2 Qf6 62.Rg2 Qf7 63.Rg5 Qf6 64.Rg4 Kh8
65.Rg2 Qh4 66.Re2 Qf6 67.Rg2 Qf7 68.Rg5 Qb7 69.Rg2 Qb5 70.Qg4 Qb7 71.Qf3  1/2-1/2

[Event "Chania op 9th"]
[Site "Chania"]
[Date "1999.08.08"]
[Round "6"]
[White "Solak, Dragan"]
[Black "Georgiev, Krum"]
[Result "1/2-1/2"]
[WhiteElo "2457"]
[BlackElo "2505"]

1.e4 c5 2.Nf3 d6 3.d4 cxd4 4.Nxd4 Nf6 5.Nc3 a6 6.Be3 e6 7.g4 b5 8.g5 Nfd7
9.a3 Bb7 10.h4 Be7 11.Qg4 Nc6 12.Nxc6 Bxc6 13.O-O-O Rb8 14.f4 a5 15.Nd5 b4
16.axb4 exd5 17.exd5 Bb5 18.Bg2 O-O 19.Be4 Re8 20.h5 Nf8 21.Bd4 Bd7 22.Qg2 f5
23.Bd3 Rxb4 24.Qf2 Qc7 25.h6 g6 26.c4 Bd8 27.Rhe1 Rxe1 28.Rxe1 Rxc4+ 29.Bxc4 Qxc4+
30.Bc3 Qxd5 31.Rd1 Qe4 32.Rxd6 Bc7 33.Qd4 Qxd4 34.Rxd4 Bb5 35.Rd5 Bc6 36.Rc5 Bxf4+
37.Bd2 Bxd2+ 38.Kxd2 Be8 39.Rxa5 Ne6 40.b4 Nxg5 41.b5 Kf7 42.b6 Bc6 43.Ke3 Kf6
44.Ra7 Nf7 45.b7 Bxb7 46.Rxb7 Nxh6 47.Rxh7 Ng4+ 48.Kf3 Ne5+ 49.Ke3 g5 50.Rh8 g4
51.Kf2 Kg5 52.Kg3 f4+ 53.Kg2 Ng6 54.Rg8 Kf5 55.Rg7 Kf6 56.Rg8 Kf7 57.Ra8 Nh4+
58.Kh2 Kf6 59.Rg8 Kf5 60.Rg7 Nf3+ 61.Kg2 Ng5 62.Rg8 g3 63.Ra8 Kg4 64.Ra4 Nf3
65.Rb4 Ne1+ 66.Kg1 Nc2 67.Rb2 Ne1 68.Rb4 Kf3 69.Rb3+ Kg4 70.Rb4  1/2-1/2

[Event "Budapest FS08 GM"]
[Site "Budapest"]
[Date "1999.08.10"]
[Round "4"]
[White "Arnold, Lothar"]
[Black "Llanos, Guillermo"]
[Result "1/2-1/2"]
[WhiteElo "2362"]
[BlackElo "2437"]

1.e4 c5 2.Nf3 d6 3.d4 cxd4 4.Nxd4 Nf6 5.Nc3 a6 6.Be3 Ng4 7.Bg5 h6 8.Bh4 g5
9.Bg3 Bg7 10.Be2 h5 11.Bxg4 Bxg4 12.f3 Bd7 13.Bf2 e6 14.Qd2 Be5 15.Bg3 Nc6
16.Nxc6 Bxc6 17.O-O-O h4 18.Bxe5 dxe5 19.Qe3 Qe7 20.Rd2 f6 21.Rhd1 Kf7 22.Qb6 Rac8
23.Kb1 Qc7 24.Qe3 Rcd8 25.g3 Rxd2 26.Qxd2 hxg3 27.hxg3 Qb8 28.a3 Rh3 29.Qf2 Qh8
30.f4 exf4 31.gxf4 Qh4 32.Qc5 Rh1 33.fxg5 Rxd1+ 34.Nxd1 Qxg5 35.Qd4 Qf4 36.Nf2 f5
37.Nd3 Qxe4 38.Qb6 Kg6 39.Qc7 Qd4 40.Qg3+ Kf6 41.Qh2 Kg5 42.Qg3+ Qg4 43.Qc7 Qd4
44.Qg3+ Qg4 45.Qc7 Qg1+ 46.Ka2 Qd4 47.Qg3+ Kf6 48.Qh2 Ke7 49.b3 Qf6 50.Qc7+ Kf8
51.Qb8+ Kg7 52.Qg3+ Kf8 53.Qb8+ Kg7 54.Qg3+  1/2-1/2

[Event "MK Cafe Cup-B"]
[Site "Koszalin"]
[Date "1999.08.11"]
[Round "8"]
[White "Szelag, Marcin"]
[Black "Neverov, Valeriy"]
[Result "1/2-1/2"]
[WhiteElo "2389"]
[BlackElo "2549"]

1.e4 c5 2.Nf3 d6 3.d4 cxd4 4.Nxd4 Nf6 5.Nc3 a6 6.Be3 e5 7.Nb3 Be6 8.f3 Nbd7
9.Qd2 Be7 10.g4 O-O 11.O-O-O b5 12.g5 Nh5 13.Nd5 Bxd5 14.exd5 Qc7 15.Kb1 Nb6
16.Qf2 Rfb8 17.f4 Nxf4 18.Bxf4 exf4 19.Qxf4 Bf8 20.h4 g6 21.h5 Bg7 22.hxg6 hxg6
23.Qh4 Nc4 24.Bxc4 bxc4 25.Nd4 Kf8 26.Qh7 Rxb2+ 27.Kxb2 Qa5 28.Qh3 Qb4+ 29.Kc1 c3
30.Ne6+ Ke7 31.Rde1 Be5 32.Qd3 Rb8 33.Kd1 Qg4+ 34.Kc1 Qb4 35.Kd1  1/2-1/2

[Event "MK Cafe Cup-A"]
[Site "Koszalin"]
[Date "1999.08.11"]
[Round "8"]
[White "Dworakowska, Joanna"]
[Black "Kempinski, Robert"]
[Result "0-1"]
[WhiteElo "2306"]
[BlackElo "2549"]

1.e4 c5 2.Nf3 d6 3.d4 cxd4 4.Nxd4 Nf6 5.Nc3 a6 6.Be3 Ng4 7.Bc1 Nf6 8.Be3 e6
9.g4 h6 10.f4 Qb6 11.a3 Bd7 12.h3 e5 13.Nf5 Qxb2 14.Kd2 exf4 15.Bf2 Nc6 16.Bd3 Na5
17.Ra2 Nb3+ 18.Ke2 Qxc3 19.cxb3 Bxf5 20.exf5 Be7 21.Bd4 Qc6 22.Kf2 O-O 23.Qf3 d5
24.Qxf4 Bc5 25.Rc2 Bxd4+ 26.Qxd4 Qd6 27.a4 Rfe8 28.Rd2 Rad8 29.h4 h5 30.gxh5 Nxh5
31.Rg1 Qh6 32.Bf1 Re4 33.Qxe4 Qxd2+ 34.Qe2 Qd4+  0-1